Loading...
| MB | 2 | 6 | 1 | 1 | 85 | 40 | 74.50 | 3 | 7 | 0.00 | 0.00 |
| RC | 3 | 2 | 0 | 0 | 65 | 24 | 70.60 | 3 | 4 | 0.00 | 0.00 |
| AR | 0 | 2 | 0 | 1 | 20 | 79 | 103.00 | 0 | 1 | 0.00 | 0.00 |
| DM | 0 | 2 | 0 | 0 | 20 | 74 | 92.50 | 1 | 2 | 0.00 | 0.00 |
| TR | 1 | 0 | 1 | 0 | 10 | 14 | 14.00 | 1 | 1 | 0.00 | 0.00 |
| AG | 0 | 0 | 1 | 0 | -5 | 0.00 | 0 | 0 | 0.00 | 0.00 |
| TR | Moche culture | 15 | 14 |
| RC | Lucy poems | 15 | 24 |
| TR | Daniel Ellsberg | -5 | 26 |
| MB | Nikolay Vasilievich Gogol | 15 | 40 |
| MB | the Netherlands | 15 | 41 |
| MB | Iris | -5 | 42 |
| RC | “The Custom-House” | 15 | 61 |
| RC | Rokeby Venus | 15 | 66 |
| MB | cats | 10 | 73 |
| DM | Kingdom of Italy | 10 | 74 |